Normal view MARC view
  • González M., María Cristina

Entry Nombre personal

Number of records used in: 1

001 - NÚMERO DE CONTROL

  • campo de control: 1255

003 - IDENTIFICADOR DE NÚMERO DE CONTROL

  • campo de control: DLC

005 - FECHA Y HORA DE LA ÚLTIMA TRANSACCIÓN

  • campo de control: 20230629134315.0

008 - ELEMENTOS DE DATO DE LONGITUD-FIJA

  • campo de control de longitud fija: 110926n| acannaabn |a aaa

010 ## - NÚMERO DE CONTROL DE LA BIBLIOTECA DEL CONGRESO

  • Número de control de LC: n 2011067247

040 ## - FUENTE DE CATALOGACIÓN

  • Centro catalogador/agencia de origen: DLC
  • Lengua de catalogación: eng
  • Centro/agencia transcriptor: DLC

100 1# - ENCABEZAMIENTO-NOMBRE DE PERSONA

  • Nombre de persona: González M., María Cristina
  • Forma completa/desarrollada del nombre: (González Moreno)

400 1# - TRAZADO DE VÉASE--NOMBRE DE PERSONA

  • Nombre de persona: González Moreno, María Cristina

400 1# - TRAZADO DE VÉASE--NOMBRE DE PERSONA

  • Nombre de persona: Moreno, María Cristina González

400 1# - TRAZADO DE VÉASE--NOMBRE DE PERSONA

  • Nombre de persona: González, María Cristina

670 ## - FUENTE DE DATOS ENCONTRADOS

  • Cita de la fuente: La academia en sintonía de género--, 2010:
  • Información encontrada: t.p. (María Cristina González M.) t.p. verso (María Cristina González Moreno) p. 6 (María Cristina González) p. 205 (professor and researcher affiliated with the Departamento de Salud Pública, Facultad de Ciencias de la Salud, Universidad de Carabobo-Sede Aragua; Ph.D., social sciences)
  
Av. Ferrocarril s/n, CD. Universitaria, Loma Bonita, Oax., México C.P. 68400
Circuito Central #200, colonia Parque Industrial, Tuxtepec, Oax., México C.P. 68301